000 01008nam a22003257a 4500
001 BR9801877
003 BR-BrBNA
005 20230928095912.0
007 ta
008 230509b bl.||||| |||| 00| 0 por d
040 _aBR-BrBNA
_bpor
_cBiblioteca Nacional de Agricultura
041 _a(Por)
072 _aF30
_b0336
090 _ 0336 BR9801877
100 1 _aGieco, J.O.
110 1 _aEscola Superior de Agricultura Luiz de Queiroz, Piracicaba, SP (Brasil)
_0Tese (Mestre em Agronomia)
245 1 _aInteracao genotipos x ambientes e implicacoes para o melhoramento da soja
260 3 _aPiracicaba, SP (Brasil):
_c1997.
300 _a98 p.
500 _a14 illus.; 39 tables; Bibliography p. 55-61; Summaries (Eng, Por)
650 _aSoja
650 _aGenotipo
650 _aProgenie
650 _aMelhoramento Genetico Vegetal
650 _aMetodo Estatistico
650 _aCruzamento Vegetal
650 _aSelecao Genotipa
909 _a202309
_bLucia
_c55
_dLucia Elande
942 _cBK
999 _c59311
_d59311